000 00691nam a2200289Ia 4500
005 20260324121736.0
008 008 260324s9999 xx 000 0 eng d
020 _a9780203740293
037 _aEBOOK
040 _aCRL
040 _beng
040 _cCRL
041 _2eng
041 _aeng
084 _qCRL
100 _aMichael Yahuda
_91163697
245 0 _aSino-Japanese Relations After the Cold War
245 0 _bTwo Tigers Sharing a Mountain
260 _bTaylor and Francis
260 _c2013
365 _a
365 _b280
856 _uhttp://www.taylorfrancis.com/books/9780203740293
942 _cEBOOK
999 _c1755989
_d1755989